Online
Catalog

Las organizaciones en el desarrollo comunitario / (Record no. 30238)

MARC details
000 -CABECERA
campo de control de longitud fija 00584nam a2200157 a 4500
001 - NÚMERO DE CONTROL
campo de control 000030746
005 - FECHA Y HORA DE LA ÚLTIMA TRANSACCIÓN
campo de control 20200930062503.0
008 - DATOS DE LONGITUD FIJA--INFORMACIÓN GENERAL
campo de control de longitud fija 110527s1971 dr 000 0 spa d
040 ## - FUENTE DE LA CATALOGACIÓN
Centro catalogador/agencia de origen DO-SdBNP
Lengua de catalogación spa
Centro/agencia transcriptor BNPHU
049 ## - FONDOS LOCALES (OCLC)
Fondos de biblioteca BNPD
100 1# - ENTRADA PRINCIPAL--NOMBRE DE PERSONA
Nombre de persona Matos Berrido, Leonardo
9 (RLIN) 24949
245 14 - MENCIÓN DE TÍTULO
Título Las organizaciones en el desarrollo comunitario /
Mención de responsabilidad, etc. Leonardo Matos Berrido.
260 ## - PUBLICACIÓN, DISTRIBUCIÓN, ETC.
Lugar de publicación, distribución, etc. Santo Domingo:,
Fecha de publicación, distribución, etc. 1971.
300 ## - DESCRIPCIÓN FÍSICA
Extensión 10 p. ;
Dimensiones 22 cm.
500 ## - NOTA GENERAL
Nota general Charla ofrecida por el director de la Oficina de Desarrollo de la Comunidad en el Club Unión Progreso, de Baní el día 9 de octubre de 1971
Holdings
Estado de retiro Estado de pérdida No para préstamo Código de colección Localización permanente Ubicación/localización actual Ubicación en estantería Fecha de adquisición Número de inventario Total de préstamos Signatura topográfica completa Código de barras Fecha visto por última vez Precio válido a partir de Tipo de ítem Koha
    Excluido de préstamo Patrimonio Dominicano Patrimonio Dominicano Patrimonio Dominicano Depósito 30.05.2011 LF1   30746-10 25.06.2020 25.06.2020 Libro y Folleto Colección Patrimonio Dominicano

Powered by Koha